Catálogo

LATIN AMERICAN ENVIRONMENTAL POLICY IN INTERNATIONAL : (Registro nro. 23907)

Detalles MARC
000 -LEADER
fixed length control field 00455nam a2200157 a 4500
001 - CONTROL NUMBER
control field 23907
005 - DATE AND TIME OF LATEST TRANSACTION
control field 20180713222036.0
008 - FIXED-LENGTH DATA ELEMENTS--GENERAL INFORMATION
fixed length control field 140415s1997 000 0 spa d
020 ## - INTERNATIONAL STANDARD BOOK NUMBER
International Standard Book Number 0813324238
041 ## - LANGUAGE CODE
Language code of text/sound track or separate title spa
082 ## - DEWEY DECIMAL CLASSIFICATION NUMBER
Classification number 363.708
Item number LAT
245 00 - TITLE STATEMENT
Title LATIN AMERICAN ENVIRONMENTAL POLICY IN INTERNATIONAL :
Remainder of title PERSPECTIVE
260 ## - PUBLICATION, DISTRIBUTION, ETC.
Place of publication, distribution, etc. [s.l.] :
Name of publisher, distributor, etc. WESTVIEW PRESS,
Date of publication, distribution, etc. 1997
300 ## - PHYSICAL DESCRIPTION
Extent 292
650 14 - SUBJECT ADDED ENTRY--TOPICAL TERM
Topical term or geographic name entry element POLITICA AMBIENTAL
General subdivision AMERICA LATINA
Existencias
Withdrawn status Lost status Source of classification or shelving scheme Damaged status Not for loan Collection code Home library Current library Shelving location Date acquired Source of acquisition Inventory number Total Checkouts Full call number Barcode Date last seen Price effective from Koha item type
    Dewey Decimal Classification     General Biblioteca Karol Wojtyla Biblioteca Karol Wojtyla Sala general 03/12/2013 Compra 151000000000000000048094   363.708 LAT 44774 05/01/2026 03/12/2013 Libro
    Dewey Decimal Classification     General Biblioteca Karol Wojtyla Biblioteca Karol Wojtyla Sala general 03/12/2013 Compra 151000000000000000048093   363.708 LAT 44773 05/01/2026 03/12/2013 Libro